000 00457nam a2200193Ia 4500
005 20240823044717.0
008 240823s9999||||xx |||||||||||||| ||und||
020 _a981-243-142-X
041 _aENGLISH
082 _A658.81 P5
100 _a"Futrell,Charles M"
245 0 _aSales Management
250 _a6th
260 _c2005
_b"Thomson,Aust"
500 _aYES
650 _aSales Management
_bManagement Studies
942 _cBK
999 _c213245
_d213245